Reckless (Lyrics)- Madison Beer - Statistics

General Stats
  • This quiz has been taken 49 times
  • The average score is 253 of 289
Answer Stats
Answer % Correct
a
100%
And
100%
and
100%
How
100%
I
100%
to
100%
you
100%
You
100%
your
100%
But
96%
but
96%
go
96%
her
96%
her"
96%
me
96%
my
96%
reckless
96%
reckless?
96%
so
96%
the
96%
we
96%
be
92%
could
92%
"Don't
92%
heart?
92%
heart
92%
Heart
92%
love
92%
on
92%
when
92%
with
92%
'bout
88%
by
88%
ever
88%
is
88%
might
88%
said
88%
Said
88%
This
88%
was
88%
worry
88%
you'd
88%
about
85%
cry
85%
day
85%
Each
85%
each
85%
first
85%
gave
85%
goes
85%
Hey
85%
I'll
85%
in
85%
it
85%
night
85%
now
85%
Oh
85%
oh
85%
out
85%
story
85%
tell
85%
want
85%
were
85%
word
85%
always
81%
anyway
81%
are
81%
every
81%
girl
81%
hate
81%
here
81%
house
81%
hurt
81%
last
81%
life
81%
loved
81%
nobody
81%
only
81%
saw
81%
Somebody
81%
star
81%
That
81%
there
81%
else
77%
friends
77%
guess
77%
have
77%
hell
77%
left
77%
like
77%
make
77%
never
77%
right
77%
swore
77%
tellin'
77%
went
77%
break
73%
chapter's
73%
guys
73%
hotel
73%
someone's
73%
still
73%
Then
73%
up
73%
both
69%
of
69%
told
69%
can
65%
check
65%
got
65%
letter
65%
well
65%
wrote
65%
hope
62%
if
62%
I'm
62%
pain
58%
perfect
58%
relate
58%
sorry
58%
cope
54%
she
54%
must
50%
No matching quizzes found
Score Distribution
Percent of People with Each Score
Percentile by Number Answered
Your Score History
You have not taken this quiz